Danganronpa Ultime Japonais à Français - Statistiques

Statistiques générales
  • Ce quiz a été pris 33 fois
  • Le résultat moyen est 16 sur 50
Statistiques - réponses
Ultime Japonais Ultime Français % Correct
chō kōkō kyū no "Pianisuto" Ultime Pianiste
100%
chō kōkō kyū no "Robotto" Ultime Robot
92%
chō kōkō kyū no "Asashin" Ultime Assassin
83%
chō kōkō kyū no "Aikidō-ka" Ultime Aïkidoka
75%
chō kōkō kyū no "Kendō-ka" Ultime Kendoka
75%
chō kōkō kyū no "Kibō" Ultime Espoir
67%
chō kōkō kyū no "Gyaru" Ultime Fashionista
67%
chō kōkō kyū no "Majishan" Ultime Magicienne
67%
chō kōkō kyū no "Mekanikku" Ultime Mécanicien
67%
chō kōkō kyū no "Puroguramā" Ultime Programmeuse
67%
chō kōkō kyū no "Dōjin Sakka" Ultime Auteur de Doujins
58%
chō kōkō kyū no "Zetsubō" Ultime Désespoir
58%
chō kōkō kyū no "Manējā" Ultime Manager
58%
chō kōkō kyū no "Tenisu senshu" Ultime Tennisman
58%
chō kōkō kyū no "Kosupureiyā" Ultime Cosplayeuse
42%
chō kōkō kyū no "Gēmā" Ultime Gameuse
42%
chō kōkō kyū no "Meido" Ultime Gouvernante
42%
chō kōkō kyū no "Suimā" Ultime Nageuse
42%
chō kōkō kyū no "Kakutōka" Ultime Combattante
33%
chō kōkō kyū no "Aidoru" Ultime Idole
33%
chō kōkō kyū no "Bōken-ka" Ultime Aventurier
25%
chō kōkō kyū no "Bungaku Shōjo" Ultime Ecrivaine
25%
chō kōkō kyū no "Sagishi" Ultime Imposteur
25%
chō kōkō kyū no "Yakyū senshu" Ultime Joueur de Baseball
25%
chō kōkō kyū no "Ojo" Ultime Princesse
25%
chō kōkō kyū no "Gunjin" Ultime Soldat
25%
chō kōkō kyū no "Minzoku gakusha" Ultime Anthropologue
17%
chō kōkō kyū no "Bijutsu-bu" Ultime Artiste
17%
chō kōkō kyū no "Bōsōzoku" Ultime Biker
17%
chō kōkō kyū no "Jajjimento" Ultime Boussole Morale
17%
chō kōkō kyū no "Ryōri-jin" Ultime Cuisinier
17%
chō kōkō kyū no "Nihon buyō-ka" Ultime Danseuse Traditionnelle
17%
chō kōkō kyū no "Tantei" Ultime Détective
17%
chō kōkō kyū no "Hoken iin" Ultime Infirmière
17%
chō kōkō kyū no "Hoiku-shi" Ultime Nurse
17%
chō kōkō kyū no "Gyanburā" Ultime Parieuse
17%
chō kōkō kyū no "Shashinka" Ultime Photographe
17%
chō kōkō kyū no "Seizon-sha" Ultime Survivant
17%
chō kōkō kyū no "Kōun" Ultime Chanceux
8%
chō kōkō kyū no "Sōtō" Ultime Despote
8%
chō kōkō kyū no "Onzōshi" Ultime Héritier
8%
chō kōkō kyū no "Hatsumeika" Ultime Inventeuse
8%
chō kōkō kyū no "Keiongaku-bu" Ultime Joueuse de Musique Légère
8%
chō kōkō kyū no "Uchū hikō-shi" Ultime Astronaute
0%
chō kōkō kyū no "Shiiku iin" Ultime Eleveur
0%
chō kōkō kyū no "Konchū hakase" Ultime Entomologiste
0%
chō kōkō kyū no "Taisō-bu" Ultime Gymnaste
0%
chō kōkō kyū no "Satsujinki" Ultime Tueuse en Serie
0%
chō kōkō kyū no "Uranaishi" Ultime Voyant
0%
chō kōkō kyū no "Gokudō" Ultime Yakuza
0%
Aucun quiz correspondant
Distribution des résultats
% des personnes avec chaque résultat
Percentile par nombre de réponses
Votre historique - résultats
Vous n’avez pas pris ce quiz